000
00233 a2200109 4500
001
51195
040
_c
Anchieta - Pituba
240
1
0
_a
Pünktchen Und Anton
_l
245
1
0
_a
Pünktchen Und Anton
650
4
_a
Língua alemã
942
_c
MX
999
_c
51195
_d
51195